<?xml version="1.0" encoding="UTF-8"?>
<record
    xmlns:xsi="http://www.w3.org/2001/XMLSchema-instance"
    xsi:schemaLocation="http://www.loc.gov/MARC21/slim http://www.loc.gov/standards/marcxml/schema/MARC21slim.xsd"
    xmlns="http://www.loc.gov/MARC21/slim">

  <leader>01399nam a2200217 i 4500</leader>
  <controlfield tag="001">164268</controlfield>
  <controlfield tag="003">ES-MaACL</controlfield>
  <controlfield tag="005">20250811074512.0</controlfield>
  <controlfield tag="008">990924m18841889sp       l   |||| | spa d</controlfield>
  <datafield tag="100" ind1="1" ind2=" ">
    <subfield code="a">Saenz H&#xE9;rmua y Espinosa, Pedro.</subfield>
    <subfield code="9">132270</subfield>
  </datafield>
  <datafield tag="245" ind1="1" ind2="0">
    <subfield code="a">Diccionario recopilador de los puntos de derecho </subfield>
    <subfield code="b">: resueltos en sentencias del Tribunal Supremo de Justicia / </subfield>
    <subfield code="c">por Pedro Saenz H&#xE9;rmua y Espinosa.</subfield>
  </datafield>
  <datafield tag="260" ind1=" " ind2=" ">
    <subfield code="a">Madrid : </subfield>
    <subfield code="b">[s.n.], </subfield>
    <subfield code="c">1884-1889 (</subfield>
    <subfield code="f">Tip. de Manuel G. Hern&#xE1;ndez)</subfield>
  </datafield>
  <datafield tag="300" ind1=" " ind2=" ">
    <subfield code="a">4 v. ; </subfield>
    <subfield code="c">21 cm.</subfield>
  </datafield>
  <datafield tag="505" ind1="8" ind2=" ">
    <subfield code="a">I. Desde 1838 hasta fin de diciembre de 1881. Derecho civil y mercantil, legislaciones especiales y fueros, 1884 (603 p.) - II. Desde 1838 hasta fin de diciembre de 1883. Enjuiciamiento civil: precedido de un informe de la Real Academia de Jurisprudencia y Legislaci&#xF3;n, 1886 (706, [10] p.) - III. Desde 1838 hasta fin de diciembre de 1883. Materia criminal, 1886 (615 p.) - 4. Desde 26 de enero de 1869 a 28 de enero de 1875, con un &#xED;ndice de la legislaci&#xF3;n controvertida en materia civil y criminal y en los recursos contra la Administraci&#xF3;n, 1887 (574 p.)</subfield>
  </datafield>
  <datafield tag="596" ind1=" " ind2=" ">
    <subfield code="a">2 v. son de adiciones.</subfield>
  </datafield>
  <datafield tag="596" ind1=" " ind2=" ">
    <subfield code="a">No se public&#xF3; m&#xE1;s de esta obra.</subfield>
  </datafield>
  <datafield tag="650" ind1="0" ind2="0">
    <subfield code="a">Derecho-</subfield>
    <subfield code="z">Espa&#xF1;a-</subfield>
    <subfield code="v">Diccionarios.</subfield>
    <subfield code="9">11612</subfield>
  </datafield>
  <datafield tag="710" ind1="1" ind2=" ">
    <subfield code="a">Espa&#xF1;a. </subfield>
    <subfield code="b">Tribunal Supremo</subfield>
    <subfield code="9">4004</subfield>
  </datafield>
  <datafield tag="852" ind1=" " ind2=" ">
    <subfield code="a">ES-MaACL</subfield>
    <subfield code="j">C-2990-93   </subfield>
    <subfield code="z">- Enc. hol. </subfield>
    <subfield code="z">- S&#xF3;lo v. I-IV</subfield>
  </datafield>
  <datafield tag="999" ind1=" " ind2=" ">
    <subfield code="c">164268</subfield>
    <subfield code="d">164268</subfield>
  </datafield>
  <datafield tag="952" ind1=" " ind2=" ">
    <subfield code="0">0</subfield>
    <subfield code="1">0</subfield>
    <subfield code="4">0</subfield>
    <subfield code="7">0</subfield>
    <subfield code="8">Colecci&#xF3;n_de_referencia </subfield>
    <subfield code="a">ATENEOM</subfield>
    <subfield code="b">ATENEOM</subfield>
    <subfield code="c">SPAL</subfield>
    <subfield code="d">2008-01-17</subfield>
    <subfield code="l">0</subfield>
    <subfield code="o">C-2990-93</subfield>
    <subfield code="p">1172179</subfield>
    <subfield code="r">2023-02-23 00:00:00</subfield>
    <subfield code="w">2023-02-23</subfield>
    <subfield code="y">MONANT</subfield>
  </datafield>
</record>
